Travel expenditure -- Library of Congress. Letter from the Superintendent of the Library Building and Grounds transmitting statement relative to travel from Washington, D. C., in connection with official business during the fiscal year ended June 30, 1915.

Bibliographic Details
Corporate Authors: United States. Congress. House. Committee on the Library, ProQuest (Firm), Library of Congress
Format: eBook
Language:English
Published: Washington : [publisher not identified], 1915.
Series:United States congressional serial set.
Subjects:
Online Access:Connect to the full text of this electronic book

MARC

Tag First Indicator Second Indicator Subfields
LEADER 00000cam a22000001a 4500
001 in00003020708
005 20190402185733.0
006 m o d
007 cr un mmmapmmp
008 070803s1915 dcu o f000 0 eng d
035 |a cis2004152064 
040 |a UMI  |c UMI  |d UtOrBLW 
043 |a n-us--- 
099 |a ProQuest Serial Set Number 7100 H.doc.53 
110 1 |a United States.  |b Congress.  |b House.  |b Committee on the Library. 
245 1 0 |a Travel expenditure -- Library of Congress. Letter from the Superintendent of the Library Building and Grounds transmitting statement relative to travel from Washington, D. C., in connection with official business during the fiscal year ended June 30, 1915. 
246 1 |a Traveling expenses of Superintendent of Library Building and Grounds, 1915 
264 1 |a Washington :  |b [publisher not identified],  |c 1915. 
300 |a 1 online resource. 
336 |a text  |b txt  |2 rdacontent 
337 |a computer  |b c  |2 rdamedia 
338 |a online resource  |b cr  |2 rdacarrier 
490 0 |a H.doc.53 
500 |a Record is based on bibliographic data in ProQuest U.S. Serial Set Digital Collection (last viewed Aug. 2007). Reuse except for individual research requires license from ProQuest, LLC. 
510 3 |a ProQuest U.S. Serial Set Digital Collection 
500 |a Electronic resource. 
650 0 |a Travel costs. 
650 0 |a Expenditures, Public. 
655 7 |a Electronic books.  |2 local 
710 2 |a ProQuest (Firm) 
710 2 |a Library of Congress. 
830 0 |a United States congressional serial set. 
856 4 0 |u http://proxy.library.tamu.edu/login?url=http://congressional.proquest.com/congcomp/getdoc?SERIAL-SET-ID=7100+H.doc.53  |z Connect to the full text of this electronic book  |t 0 
999 |a MARS 
999 f f |s a98a2c99-65b8-3c6a-9921-2f3f6accd8ea  |i be3fc2f8-64bb-37e5-9796-7d85cd641295  |t 0 
952 f f |a Texas A&M University  |b College Station  |c Electronic Resources  |d Available Online  |t 0  |e ProQuest Serial Set Number 7100 H.doc.53  |h Other scheme 
998 f f |a ProQuest Serial Set Number 7100 H.doc.53  |t 0  |l Available Online